miftah al alhan al arabiyah

محفوظ في:

المؤلف الرئيسي: Salah al din muhammad

التنسيق: كتاب

اللغة: Undetermined

منشور في: Cairo 1947

الموضوعات:

الوسوم: إضافة وسم

لا توجد وسوم, كن أول من يضع وسما على هذه التسجيلة!

رقم الطلب: MT6 S25M54

LEADER 00546nam a2200169Ia 4500
008 230909s9999||||xx |||||||||||||| ||und||
050 4 |a MT6 S25M54 
100 1 |a Salah al din muhammad  
245 1 0 |a miftah al alhan al arabiyah  
264 1 |a Cairo   |c 1947 
300 |a 143 P  |c 22CM 
504 |a Introd  
650 4 |a music arab countries  
650 4 |a music instruction and study 
942 |2 lcc  |c BK 
952 |0 0  |1 0  |2 lcc  |4 0  |6 MT0006 S25 M54  |7 1  |9 49963  |a ARCE  |b ARCE  |d 2023-09-09  |l 0  |o MT6 S25M54  |p 1022638  |r 2023-09-09 00:00:00  |w 2023-09-09  |y BK 
999 |c 54586  |d 54586